Business Environment
| Glavni avtor: | |
|---|---|
| Format: | Neznan |
| Izdano: |
Mc Graw Hill Education
2018
|
| Izdaja: | 4th ed. |
| LEADER | 00219 a2200097 4500 | ||
|---|---|---|---|
| 020 | |a 9789353162498 | ||
| 100 | |a Justin Paul | ||
| 245 | |a Business Environment | ||
| 250 | |a 4th ed. | ||
| 260 | |b Mc Graw Hill Education |c 2018 | ||
| 999 | |c 42199 |d 42199 | ||